[Event "HUN-ch Rapid 2020"]
[Site "Ajka"]
[Date "2020.07.17"]
[Round "2.17"]
[White "Juhasz, Barbara"]
[Black "Horvath, Jozsef"]
[Result "1-0"]
[WhiteElo "2223"]
[BlackElo "2438"]
[Annotator "TA"]
[PlyCount "107"]
[EventDate "2020.07.17"]
[EventType "rapid"]
[EventCountry "HUN"]
[SourceTitle "playchess.com"]
[Source "ChessBase"]
[SourceQuality "1"]

{[%evp 10,107,32,39,64,16,10,7,52,33,40,35,30,36,38,41,42,32,39,38,37,39,32,30,39,22,30,34,31,0,0,-13,-17,-30,0,-37,0,0,0,0,0,-48,0,0,0,-31,-38,-129,-28,-53,-27,-39,0,-68,186,-116,0,-650,-648,-558,-424,-5206,-4802,-970,0,0,0,0,0,0,0,-13,307,276,29993,515,541,527,466,472,685,681,664,457,1066,1031,5712,4618,2107,1968,1962,1920,1057,1345,2064,1456,29969,29970,29984,29985]} 1. e4 d6 2. d4 Nf6 3. Bd3 g6 4. Nf3 Bg7 5. O-O O-O 6. Re1 Nc6 {B07: Pirc Defence: Miscellaneous Systems.} 7. d5 $1 {[%mdl 4] is currently scoring better than 7.c3.} Nb4 8. Bf1 c6 {[%cal Rc6d5] The position is equal.} 9. c3 (9. a3 {feels hotter.} Na6 10. Nc3 Nc5 11. Bf4 Nh5 12. Bd2) 9... Na6 {[#]} 10. Bxa6 $146 ({Predecessor:} 10. dxc6 bxc6 11. e5 Nd5 12. Na3 dxe5 13. Qa4 Nb8 14. Nxe5 Qc7 15. Nac4 a5 16. Bd2 {0-1 (47) Yemelin,V (2584)-Bocharov,D (2580) Taganrog 2011}) 10... bxa6 11. dxc6 Qc7 12. Qa4 Rb8 13. Nbd2 Rb6 14. e5 Ne8 15. exd6 Nxd6 16. Ne4 Nf5 17. Ng3 Nxg3 18. hxg3 e5 19. Qh4 Rxc6 20. Be3 Rc4 21. Qh2 Bb7 22. Rad1 Bxf3 23. gxf3 Qb7 24. Bc1 Qxf3 25. Rd7 h5 (25... Qf5 $5 {[%cal Rf5d7]} 26. Rxa7 Qe6 $11) 26. Qg2 Qf5 27. Rxa7 h4 28. Be3 (28. Rxa6 $15 Rg4 29. Ra5) 28... Qe6 (28... Rg4 $1 $17 29. Rxa6 e4) 29. Rd1 hxg3 (29... Rg4 $5 {[%cal Re5e4]} 30. Bc5 hxg3 31. fxg3 e4 $11) 30. fxg3 Rg4 31. Bc5 ({Better is} 31. Ra8 $11) 31... Rc8 $2 {[%mdl 8192]} (31... e4 $1 $15 {stays ahead.} 32. Re7 (32. Bxf8 Be5 $17) 32... Qf5) 32. b4 $2 ({White has to play} 32. Rdd7 $1 $18 {[%cal Rd7f7]} Qc4 33. Rxf7) 32... e4 (32... Bf8 $1 $17 33. Rad7 Bxc5+ 34. bxc5 Rg5) 33. Rd6 $2 {[%mdl 8192]} (33. Rdd7 $11 Rxc5 34. bxc5) 33... Qe5 $19 {[%mdl 64] Double Attack} 34. Kh2 Bf8 35. Rdd7 (35. Qf2 $142 f5 36. Raxa6 Bxd6 37. Bxd6 Qxc3 38. Bf4) 35... Rh4+ 36. Kg1 Rg4 $2 (36... Bxc5+ $19 37. bxc5 Qxc5+ 38. Kf1 Qxc3 $1 {[%mdl 512]}) 37. Bd4 Qg5 38. Kh2 $1 $40 {[%mdl 128] White attacks.} Qh6+ 39. Qh3 Qd2+ 40. Qg2 Qxg2+ $4 {[%mdl 8192]} (40... e3 $11 {and Black stays safe.} 41. Qxd2 exd2) 41. Kxg2 $18 f5 $2 (41... Bg7 $18 42. Bxg7 (42. Rxa6 Bxd4 43. cxd4 Rc3 $11) 42... Kxg7) 42. Kf2 (42. Rh7 $142 Rxg3+ 43. Kh1 Rg1+ 44. Kxg1 Rc7 45. Rhxc7 g5 {[#]} 46. Ra8 $1 {[%mdl 512]} g4 47. Rg7+ Kh8 48. Rxf8#) 42... e3+ 43. Kxe3 Rxg3+ {[#]} 44. Kf2 $1 {[%mdl 512]} Rh3 (44... Rg4 $142 45. Rxa6 Re8) 45. Rxa6 Rh6 46. Be3 Rh2+ {[#]} (46... g5 $142) 47. Kg3 $1 Rxc3 48. Rxg6+ Kh8 49. Kxh2 {White threatens Bd4+ and mate.} Rxe3 50. Rd8 Kh7 51. Rb6 Bg7 52. Rd7 f4 53. Rbb7 Rg3 {[#]} 54. Rxg7+ $1 {Accuracy: White = 58%, Black = 42%.} 1-0

[Event "HUN-ch Rapid 2020"]
[Site "Ajka"]
[Date "2020.07.17"]
[Round "2.18"]
[White "Kozak, Adam"]
[Black "Udvardi, Zalan"]
[Result "1-0"]
[WhiteElo "2503"]
[BlackElo "2224"]
[Annotator "TA"]
[PlyCount "69"]
[EventDate "2020.07.17"]
[EventType "rapid"]
[EventCountry "HUN"]
[SourceTitle "playchess.com"]
[Source "ChessBase"]
[SourceQuality "1"]

{[%evp 20,69,0,0,3,-14,-14,-30,-16,-28,-12,-14,-15,-26,0,0,9,0,0,0,21,16,42,1,39,14,14,15,25,24,198,211,240,231,231,220,242,224,268,211,204,171,149,143,851,823,29989,29990,29992,29991,29991,785]} 1. Nf3 c5 2. c4 Nc6 3. g3 e5 4. Nc3 g6 5. Bg2 Bg7 6. O-O Nge7 7. d3 d6 8. a3 O-O 9. Rb1 a5 10. Bg5 f6 11. Bd2 Be6 {A37: Symmetrical English vs ...g6: 4 Bg2 Bg7 5 Nf3.} 12. Ne4 h6 13. Qc1 f5 {Black has an edge.} 14. Nc3 Kh7 {[#]} 15. Bg5 $146 ({Predecessor:} 15. h3 e4 16. dxe4 Bxc4 17. Re1 Bb3 18. Nh4 fxe4 19. Nxe4 Nd4 20. e3 Ne6 21. Bc3 {1-0 (34) Guseinov,S-Berescu,A Rimavska Sobota 1992}) 15... Qd7 16. Bxe7 Qxe7 (16... Nxe7 {seems wilder.} 17. Nd2 f4 18. b4 cxb4 19. axb4 a4) 17. Nd2 h5 18. Qd1 Bh6 19. Nd5 Bxd5 20. Bxd5 h4 21. Kg2 Nd4 22. b4 axb4 23. axb4 Ra2 $1 {[%cal Ra2d2]} 24. e3 {Strongly threatening bxc5.} f4 $2 {[#]} (24... hxg3 $11 25. bxc5 gxf2 26. exd4 (26. Rxb7 Qxb7 27. Bxb7 Nc2 $17) 26... Rxd2) 25. gxf4 $1 $18 ({Worse is} 25. exd4 Rxd2 26. Qg4 (26. Qxd2 $2 f3+ {[%mdl 64] Discovered Attack} 27. Kh1 Bxd2 $19) 26... fxg3 $11) 25... exf4 26. exd4 Rxd2 {[#]} 27. Qf3 $1 (27. Qxd2 $2 {loses.} f3+ 28. Kh1 Bxd2 $19) 27... cxd4 28. Rbe1 Qd7 29. Re6 {Black must now prevent Qe4!} Re8 30. Rfe1 $36 {[%mdl 2048] White is on the roll.} Rxe6 31. Rxe6 Qd8 $2 {[%mdl 8192] Loses the game.} (31... Qf7 $16) 32. Be4 Kh8 33. Rxg6 {White mates.} Bg7 34. Qh5+ Kg8 35. Bd5+ {Accuracy: White = 83%, Black = 61%.} 1-0

[Event "HUN-ch Rapid 2020"]
[Site "Ajka"]
[Date "2020.07.17"]
[Round "2.19"]
[White "Buzas, Bertalan"]
[Black "Korpa, Bence"]
[Result "0-1"]
[WhiteElo "2258"]
[BlackElo "2545"]
[Annotator "TA"]
[PlyCount "82"]
[EventDate "2020.07.17"]
[EventType "rapid"]
[EventCountry "HUN"]
[SourceTitle "playchess.com"]
[Source "ChessBase"]
[SourceQuality "1"]

{[%evp 9,82,18,23,23,23,25,29,7,22,20,29,21,37,27,35,16,23,14,14,15,24,-14,0,-5,-6,-16,-13,-8,41,42,188,-8,0,0,0,0,20,-231,-160,-162,-177,-347,-342,-389,-377,-321,-269,-357,-360,-350,-315,-468,-441,-491,-482,-606,-599,-616,-588,-714,-713,-1143,-1111,-1911,-1857,-1840,-1777,-29970,-29971,-29991,-29980,-29992,-29993,-29998,-29999]} 1. d4 Nf6 2. Nf3 e6 3. Bf4 c5 4. e3 cxd4 5. exd4 Be7 6. h3 {A46: 1 d4 Nf6 2 Nf3 e6: Torre, London and Colle Systems.} O-O 7. Nbd2 b6 8. Bd3 {White has an edge.} Bb7 9. O-O d6 10. Re1 Re8 11. a4 a6 12. Bh2 Nbd7 13. Nc4 Qc7 14. Ne3 Bf8 15. c4 {[#]} a5 $146 ({Predecessor:} 15... e5 16. Be2 g6 17. b4 Rad8 18. a5 bxa5 19. Rxa5 Ne4 20. Ra3 exd4 21. Nxd4 Qb6 {0-1 (67) Hakemi,A (2306)-Gholami,A (2493) Hamedan 2018}) 16. Rc1 Rac8 17. Ng4 Nxg4 18. hxg4 Qb8 19. Ng5 Nf6 {[#]} (19... g6 $1 $14) 20. c5 $2 ({White has to play} 20. Nxf7 $1 $18 {[%mdl 512] And now Ng5 would win.} g6 (20... Kxf7 21. g5) 21. g5) 20... bxc5 21. dxc5 {Nxf7! is the strong threat.} h6 22. Nh3 Qa8 23. cxd6 $2 {[%mdl 8192]} (23. g5 $1 $11 {and White has nothing to worry.} hxg5 24. Nxg5) 23... Bxg2 24. Rxc8 Rxc8 $40 {[%mdl 128] Black goes for the king.} 25. Re3 $2 {[#]} (25. Nf4 Bc6 26. Nh5) 25... Nxg4 $1 $19 {[%mdl 512]} 26. d7 (26. Qxg4 Rc1+) 26... Nxe3 27. dxc8=Q Qxc8 28. fxe3 Bxh3 29. Bf4 Qc6 {[%csl Gh3][%cal Rc6g2]} 30. Qe2 (30. Qc2 $142 Qb6 31. Kf2) 30... Qxa4 31. Kh2 Bf5 32. Bxf5 exf5 33. Qd3 g5 34. Bg3 Qe4 35. Qd2 a4 36. Qc3 Bg7 37. Qc8+ Kh7 38. Qd7 Qc2+ {Black mates.} 39. Kh3 g4+ 40. Kh4 Kg6 {[%cal Rg7f6]} 41. Bf4 Qf2+ {Accuracy: White = 47%, Black = 82%.} 0-1

[Event "HUN-ch Rapid 2020"]
[Site "Ajka"]
[Date "2020.07.17"]
[Round "2.20"]
[White "Mester, Gyula"]
[Black "Frink, Ferenc"]
[Result "0-1"]
[WhiteElo "2341"]
[BlackElo "2075"]
[Annotator "TA"]
[PlyCount "92"]
[EventDate "2020.07.17"]
[EventType "rapid"]
[EventCountry "HUN"]
[SourceTitle "playchess.com"]
[Source "ChessBase"]
[SourceQuality "1"]

{[%evp 9,92,25,30,23,32,11,18,0,0,0,3,0,0,0,11,0,0,0,0,-13,0,-30,16,-57,-60,-125,-108,-119,-54,-54,-60,-56,-63,-65,-55,-58,29,-120,-121,-321,-135,-573,-573,-561,-543,-603,-614,-583,-602,-606,-586,-1060,-206,-206,-226,-229,-220,-209,-187,-193,-176,-163,-162,-152,-155,-337,-328,-322,-320,-471,-447,-838,-706,-1198,-1113,-1009,-905,-5106,-2791,-29982,-29983,-29982,-29984,-29976,-29972]} 1. d4 Nf6 2. g3 Nc6 3. Bg2 e5 4. d5 Ne7 5. c4 Ng6 6. Nc3 {A45: Trompowsky Attack.} Bc5 7. e3 O-O 8. Nge2 {The position is equal.} d6 {[#]} 9. h3 $146 ({Predecessor:} 9. O-O a6 10. h3 Re8 11. e4 Bd7 12. Qd3 c6 13. dxc6 Bxc6 14. Be3 Bxe3 15. Qxe3 {½-½ (42) Wang,T (2310)-Huston,G (2181) Dulles 2019}) 9... a5 10. O-O Bd7 11. Kh2 h6 12. b3 Nh7 13. f4 f5 14. e4 Qf6 15. fxe5 Qxe5 16. exf5 ({White must play} 16. Bb2 $1 $11) 16... Bxf5 $15 17. Bb2 ({Better is} 17. Bd2 $15) 17... Rae8 $1 $17 18. Ng1 Bxg1+ (18... Ng5 $17 19. Qe1 Qxe1 20. Raxe1 Ne5) 19. Rxg1 $15 Ng5 {White must now prevent ...Bxh3!} 20. Re1 Qxe1 $1 21. Qxe1 Rxe1 22. Rxe1 Ne5 (22... Bxh3 $1 $15 23. Ne4 Bxg2 24. Kxg2 Nf7) 23. Re3 {[#]} (23. Rf1 $11) 23... Bxh3 $1 $17 {[%mdl 512]} 24. Re2 $2 (24. Bxh3 $17 {is a better defense.} Rf2+ {[%mdl 64] Double Attack} 25. Bg2 Rxb2 26. Re2 Rxe2 27. Nxe2) 24... Ng4+ (24... Bg4 $19 {has better winning chances.} 25. Rxe5 dxe5) 25. Kg1 $2 {[%mdl 8192]} (25. Kh1 $17 {was the crucial defense.}) 25... Nf3+ $19 26. Kh1 Bxg2+ 27. Kxg2 {Threatening Nb5.} Nd4 28. Rd2 Ne3+ 29. Kh3 Rf1 30. g4 Rh1+ $2 (30... Rf3+ 31. Kh2 Nf1+ {[%mdl 64] Double Attack} 32. Kg2 Nxd2) 31. Rh2 Rxh2+ 32. Kxh2 Nxg4+ {[%mdl 4096] Endgame KBN-KNN} 33. Kg3 Ne5 34. Ne4 Nf5+ 35. Kf4 {[#]} Ne7 $1 {Hoping for ...Nd3+.} 36. Bxe5 {[#] Threatens to win with Bc3.} g5+ $1 ({Don't play} 36... dxe5+ 37. Kxe5 Kf7 38. d6 $15) 37. Kg4 $2 {White does not recover from this.} (37. Kf3 $17 {was called for.} dxe5 38. Nc5) 37... dxe5 {KN-KN} 38. Nc5 Kf7 39. Nxb7 (39. Ne6 $142) 39... Kg6 40. d6 (40. Kg3 $142 h5 41. Kg2) 40... cxd6 41. Nxd6 h5+ 42. Kf3 g4+ 43. Ke4 h4 44. c5 h3 {Black mates.} 45. Nc4 h2 46. Nxe5+ Kg7 {Accuracy: White = 40%, Black = 77%.} 0-1

[Event "HUN-ch Rapid 2020"]
[Site "Ajka"]
[Date "2020.07.17"]
[Round "2.21"]
[White "Fancsy, Imre"]
[Black "Forgacs, Attila"]
[Result "1-0"]
[WhiteElo "2352"]
[BlackElo "2121"]
[Annotator "TA"]
[PlyCount "89"]
[EventDate "2020.07.17"]
[EventType "rapid"]
[EventCountry "HUN"]
[SourceTitle "playchess.com"]
[Source "ChessBase"]
[SourceQuality "1"]

{[%evp 12,89,3,10,30,24,33,27,27,0,19,10,27,29,29,35,40,45,54,31,72,43,74,70,78,4,16,15,15,19,18,8,6,9,41,7,19,18,45,20,27,20,22,23,103,66,391,375,373,357,357,264,474,477,486,470,426,450,407,33,38,31,31,0,0,6,7,0,0,0,29,29,28,4,8,0,0,0,29986,29987]} 1. Nf3 c5 2. c4 Nc6 3. g3 g6 4. Bg2 Bg7 5. Nc3 d6 6. O-O e5 7. a3 {is the new trend.} Be6 {A37: Symmetrical English vs ...g6: 4 Bg2 Bg7 5 Nf3.} 8. d3 h6 9. Ne1 Nge7 {White has an edge.} 10. Nc2 O-O 11. b4 Rb8 12. Rb1 b6 13. Ne3 Kh7 14. Ned5 f5 {[#]} 15. e3 $146 ({Predecessor:} 15. b5 Na5 16. Bd2 e4 17. Qc2 Re8 18. Rbd1 Nxd5 19. Nxd5 Bxd5 20. cxd5 exd3 21. Qxd3 {0-1 (40) Krug Cortegoso,R (2182)-Campora,D (2450) La Roda 2015}) 15... Qd7 16. Bd2 Bg8 17. Qa4 {[#] Threatens to win with Nxe7.} Rbd8 18. f4 (18. Rfc1 $16) 18... Nxd5 19. cxd5 Ne7 {[%cal Bc6e7,Be7c8,Bc8d6][%mdl 32]} 20. Qxd7 Rxd7 21. bxc5 dxc5 {[%cal Re7d5]} 22. e4 $36 {[%mdl 2048] White is pushing.} Nc8 23. Rbe1 (23. a4 {feels hotter.} Nd6 24. Nb5 Nxb5 25. Rxb5 exf4 26. gxf4 Bd4+ 27. Kh1) 23... fxe4 24. dxe4 Nd6 25. fxe5 Rxf1+ 26. Bxf1 Bxe5 27. Nb5 Kg7 (27... Nxb5 $11 {keeps the balance.} 28. Bxb5 Re7) 28. Bf4 $16 Bd4+ $2 {[%mdl 8192]} (28... Nf7 $14) 29. Nxd4 $18 cxd4 30. Be5+ Kf8 31. Bxd4 Nf7 $2 (31... Re7 32. Bg2 Bxd5) 32. Bb5 Rc7 33. e5 Ng5 {...Nf3+ is the strong threat.} 34. Rf1+ Rf7 35. Rxf7+ $2 (35. e6 $18 Nf3+ 36. Kf2 Nxd4+ 37. exf7 Bxf7 38. Bd3) 35... Bxf7 {[%mdl 4096] Endgame KBB-KBN} 36. Be3 {Hoping for e6.} Bxd5 37. Kf2 Ne4+ 38. Ke1 g5 39. Bd4 Ke7 40. Ke2 g4 41. Ke3 Ng5 42. Be2 Nf3 43. h4 Nxd4 44. Kxd4 Ke6 $2 {[%mdl 8192] [#]} (44... Bf3 $11 45. Bb5 Ke6) 45. Bxg4+ {Accuracy: White = 77%, Black = 62%.} 1-0

[Event "HUN-ch Rapid 2020"]
[Site "Ajka"]
[Date "2020.07.17"]
[Round "2.22"]
[White "Kosztolanczi, Gyula"]
[Black "Meszaros, Tamas"]
[Result "0-1"]
[WhiteElo "2021"]
[BlackElo "2378"]
[Annotator "TA"]
[PlyCount "62"]
[EventDate "2020.07.17"]
[EventType "rapid"]
[EventCountry "HUN"]
[SourceTitle "playchess.com"]
[Source "ChessBase"]
[SourceQuality "1"]

{[%evp 14,62,25,13,15,0,0,0,0,0,15,0,-6,-84,6,0,0,-4,22,16,74,39,53,27,23,20,26,20,10,-1,-7,0,0,-698,-697,-675,-671,-29985,-200,-186,-172,-775,-770,-29991,-29992,-29992,-29993,-29993,-29994,-29994,-29995]} 1. e4 e5 2. Nf3 Nc6 3. Bc4 Nf6 4. Ng5 d5 5. exd5 Na5 6. Bb5+ c6 7. dxc6 bxc6 8. Qf3 Be7 {C58: Two Knights: 4 Ng5 d5 5 exd5 Na5 sidelines.} 9. Bxc6+ Nxc6 10. Qxc6+ {[%mdl 64] Double Attack} Bd7 {The position is equal.} 11. Qf3 {11.Qf3 scores better than 11.Qc4.} Rc8 12. Nc3 Bc6 {[#]} 13. Nce4 $146 (13. Qh3 $11) ({Predecessor:} 13. Qh3 Nd5 14. Nf3 Bf6 15. O-O O-O 16. Qf5 g6 17. Qd3 Bg7 18. Rd1 Re8 19. Ne1 {0-1 (28) Craven,V (1952)-Baron,M (1991) ICCF email 2016}) 13... Qd4 (13... O-O $17 {Threatens to win with ...Nxe4.} 14. Qe2 Nd5) 14. c3 Qd7 {...h6 is the strong threat.} 15. d3 h6 16. Qh3 $1 ({But not} 16. Nxf6+ $2 gxf6 17. Ne4 f5 $19) 16... Qb7 (16... Rd8 $11 {remains equal.}) 17. Nxf6+ Bxf6 18. Ne4 Bxe4 19. dxe4 Qxe4+ 20. Be3 Qc4 $1 21. O-O-O O-O 22. Kb1 $1 Rb8 23. Ka1 $2 {[%mdl 8192] [#]} (23. Rd2 $11) 23... Rxb2 $1 $19 {[%mdl 576] Clearance} 24. Kxb2 {Black must now prevent Rc1.} Rb8+ 25. Kc2 {[#]} Qxa2+ $2 (25... e4 $1 {mates} 26. Rd4 Bxd4 {[%mdl 64] Pin} 27. Bc1 Bxf2 28. Qd7 e3 29. Kd1 e2+ 30. Kd2 Qxa2+ 31. Kd3 e1=Q 32. Rxe1 Bxe1 33. Be3 Qxg2 34. Bd4 a6 35. Be3 {[#]} Qf3 $1 {[%mdl 512]} 36. Qe7 Qd1+ 37. Ke4 Bxc3 38. h3 Bf6 39. Qc5 Re8+ 40. Kf4 Bg5+ 41. Kg3 Rxe3+ 42. Qxe3 Bxe3 43. Kg2 Qe2+ 44. Kg3 Qf2+ 45. Kg4 Qf4+ 46. Kh5 g6#) 26. Kd3 {And now Ke4 would win.} Rd8+ $40 {[%mdl 128] White is in trouble.} 27. Bd4 $2 (27. Ke4 Qc2+ 28. Kf3 Rxd1 29. Rxd1 Qxd1+ 30. Kg3) 27... exd4 28. c4 Re8 {[%csl Ge8][%cal Ra2e2] Black mates.} 29. Rde1 Qb3+ 30. Kd2 Bg5+ 31. Re3 dxe3+ {Accuracy: White = 57%, Black = 75%.} 0-1

[Event "HUN-ch Rapid 2020"]
[Site "Ajka"]
[Date "2020.07.17"]
[Round "2.23"]
[White "Molnar, Bela"]
[Black "Acs, Marton"]
[Result "0-1"]
[WhiteElo "2307"]
[BlackElo "2167"]
[Annotator "TA"]
[PlyCount "82"]
[EventDate "2020.07.17"]
[EventType "rapid"]
[EventCountry "HUN"]
[SourceTitle "playchess.com"]
[Source "ChessBase"]
[SourceQuality "1"]

{[%evp 9,82,48,72,72,77,37,37,37,37,37,44,34,42,28,44,50,62,33,54,61,63,54,54,46,48,25,48,45,43,48,67,51,123,125,123,104,134,128,148,149,135,122,275,271,306,169,176,196,365,191,704,121,316,316,315,300,292,302,600,585,698,730,550,202,193,-747,-738,-632,-624,-857,-818,-1777,-1608,-1159,-1226]} 1. e4 e5 2. Bc4 Nf6 3. d4 Nxe4 4. dxe5 Nc5 5. Nf3 Be7 6. Nc3 {C24: Bishop's Opening: 2...Nf6.} O-O 7. Nd5 d6 8. Nxe7+ {White is slightly better.} Qxe7 9. Bg5 Qe8 {[#]} 10. Be3 $146 ({Predecessor:} 10. Qe2 Be6 11. O-O-O dxe5 12. Rd8 Qa4 13. Rxf8+ Kxf8 14. Nxe5 Nbd7 15. Nxd7+ Qxd7 16. Rd1 {½-½ (58) Orsoni,J (2010)-Humeau,C (2088) Porticcio 2005}) 10... Be6 11. Qe2 Ne4 12. Bd3 d5 13. Nd4 Nd7 14. f4 {Threatens to win with f5.} Ndc5 {[%cal Bd7c5,Bc5a4,Ba4b6,Bb6c4][%mdl 32]} 15. O-O f5 16. b4 Na4 17. Qe1 Nb6 18. a4 {[%cal Ba2a4,Ba4a5,Ba5a6][%mdl 32]} Nc4 19. a5 c6 20. Rf3 Qf7 {[#]} ({Better is} 20... Qd7 $14) 21. a6 $1 $36 {[%mdl 2048] Black is under strong pressure.} Rfe8 22. Qe2 Nxe3 23. Qxe3 Qd7 24. axb7 Qxb7 25. c3 Qb6 $2 (25... g6 $16 26. Rff1 Nxc3) 26. Ra6 $18 Qb7 27. Rxc6 (27. Nxc6 Nxc3 28. Nd4 Bc8 $16) (27. b5 $142) 27... Bd7 {[#]} 28. Ra6 $1 Rac8 $2 (28... Nxc3 {keeps fighting.} 29. Rd6 Ne4) 29. Ra3 (29. e6 $142 Rxc3 30. exd7 Qxd7 31. h3) 29... Nxc3 $2 (29... Rc7 30. Bxe4 fxe4) 30. Bxf5 $2 (30. Ba6 $18 {and the rest is easy.} Qxb4 31. Bxc8 {[%mdl 64] Discovered Attack}) 30... Nb5 $2 (30... Bxf5 $16 {was necessary.} 31. Nxf5 (31. Rxc3 Be4 $11) 31... Qxb4 32. Rxc3 Rxc3 33. Qxc3 Qb1+ 34. Rf1 Qxf5) 31. Nxb5 Qxb5 32. Bxd7 Qxd7 33. Rxa7 Qb5 $2 (33... Rc1+ 34. Kf2 Qc8) 34. e6 {Rxg7+! would kill now.} Qxb4 {[#]} 35. Rxg7+ $1 {[%mdl 512]} Kh8 (35... Kxg7 36. Qe5+) 36. h4 $2 (36. Rd7 {Threatening mate with Qe5+.} Qb2 37. Rf1) 36... Qe4 37. Rfg3 $4 {[%mdl 8192]} (37. Rg5 $18) 37... Qxe3+ $19 {Black is clearly winning.} 38. Rxe3 Kxg7 39. f5 Kf6 40. g4 Rc4 41. Rg3 {[#]} h5 $1 {Never resign too early! Accuracy: White = 54%, Black = 54%.} 0-1

[Event "HUN-ch Rapid 2020"]
[Site "Ajka"]
[Date "2020.07.17"]
[Round "2.24"]
[White "Persanyi, Barnabas"]
[Black "Emodi, Barnabas"]
[Result "1-0"]
[WhiteElo "2370"]
[BlackElo "2352"]
[Annotator "TA"]
[PlyCount "115"]
[EventDate "2020.07.17"]
[EventType "rapid"]
[EventCountry "HUN"]
[SourceTitle "playchess.com"]
[Source "ChessBase"]
[SourceQuality "1"]

{[%evp 9,115,21,20,30,27,29,18,17,23,10,30,37,37,29,58,61,106,32,60,60,51,54,61,43,63,62,61,58,56,61,59,66,87,6,54,0,0,-18,-18,-18,-8,-27,-22,-8,0,-85,-65,-102,-4,-16,-17,-336,-339,-328,-325,-302,-111,-175,-178,-1296,-1364,-29988,-29989,-29989,-29990,-29982,-211,-818,-801,-872,-378,-284,-258,-214,-76,-119,0,-5061,-5061,-4610,0,0,0,0,0,0,0,0,0,0,0,0,668,598,598,0,0,0,5019,599,29982,29983,29984,29985,29988,29989,29991,29992]} 1. Nf3 Nf6 2. g3 d5 3. Bg2 c6 4. O-O Bg4 5. h3 Bh5 6. d4 {A07: Réti Opening: New York and Capablanca Systems.} e6 7. c4 Nbd7 8. cxd5 {The position is equal.} cxd5 9. Nc3 Bd6 10. Qb3 Qb6 11. Qxb6 {[#]} axb6 $146 ({Predecessor:} 11... Nxb6 12. Ne5 Rc8 13. g4 Bg6 14. Bf4 Bb4 15. Rfc1 Bxc3 16. Rxc3 Rxc3 17. bxc3 Ke7 {½-½ (51) Wang,H (2730)-Lalith,B (2529) Makati 2018}) 12. Nb5 Bb8 13. a4 (13. Bd2 $16) 13... O-O 14. b3 Rc8 15. Ba3 Rc6 16. Rfc1 h6 17. e3 Ne4 18. Bb4 f5 19. Ne1 g5 20. Bf1 f4 21. g4 (21. exf4 $1 $16 gxf4 22. g4) 21... Bg6 22. Bd3 (22. exf4 $14 Bxf4 23. Rd1) 22... Kg7 23. Na3 fxe3 24. fxe3 Bg3 {Strongly threatening ...Bf2+.} 25. Bb5 Rxc1 26. Rxc1 Ndf6 27. Kg2 (27. Be2 $11) 27... h5 $17 28. gxh5 Bxh5 ({Black should play} 28... Bf5 $1 $17 {With the idea ...Rh8.} 29. Nd3 Rh8) 29. Nd3 $1 $11 g4 $36 {[%mdl 2048] [#] White is under pressure.} 30. Ne5 $2 {[%mdl 8192]} (30. h4 $1 $11 {[%mdl 512]}) 30... gxh3+ $19 31. Kxh3 Bxe5 32. dxe5 Ng4 $2 (32... Ng5+ $1 $19 {is more deadly.} 33. Kh2 (33. Kg2 $2 Bf3+ 34. Kg1 Ng4 $19) 33... Nfe4) 33. Rc7+ (33. Rg1 $17 Kh6 34. Nc2) 33... Kg6 34. Rxb7 $2 (34. Nc2 Nxe5 35. Nd4) 34... Nxe3 35. Bd3 Bg4+ 36. Kh2 Rh8+ 37. Kg1 Kf5 $2 (37... Bf3 {mates} 38. Bxe4+ dxe4 39. Kf2 Nf5 40. Rg7+ Kxg7 41. Bc5 Rh2+ 42. Kg1 Rg2+ 43. Kf1 bxc5 44. Nc2 e3 45. b4 Ng3+ 46. Ke1 Rg1#) 38. Bxe4+ $2 (38. Rf7+ Kxe5 39. Nc2) 38... Kxe4 39. Bd2 Bf3 (39... d4 $142 {( -> ...Bf3)} 40. Nb5 Bf3 41. Nd6+ Kd3 $1 {[%mdl 512]}) 40. Bxe3 Kxe3 {[%csl Gf3][%cal Rh8h1][%mdl 4096] Endgame KRB-KRN} 41. Nc2+ Ke4 (41... Kf4 $19 42. Rf7+ Ke4) 42. Ne1 $17 Ke3 ({Black should try} 42... d4 $17 43. Rxb6 d3) 43. Nxf3 $4 {[%mdl 8192]} (43. Nc2+ $11 Kf4 44. Rf7+ Ke4 45. Ne1 Rh1+ 46. Kf2) 43... Kxf3 $19 44. Rxb6 $11 {KR-KR} Rh6 $2 (44... d4 $1 $19 45. Rxe6 d3) 45. a5 d4 {White must now prevent ...d3.} 46. Rd6 Ke3 {aiming for ...d3.} 47. a6 d3 {...Rh8 is the strong threat.} 48. b4 Rh8 {And now ...Rb8 would win.} 49. b5 ({Not} 49. Rxe6 $2 Rd8 $19) 49... Ra8 50. Rxe6 {Hoping for Rd6.} d2 $2 {[%mdl 8192]} (50... Rd8 $11 51. Rf6 (51. Rd6 {is a self mate.} Rxd6 52. Kh2 d2 53. exd6 d1=Q 54. Kh3 Kf3 55. Kh2 Kf2 56. Kh3 Qh5#) 51... d2) 51. Rd6 $18 Ke2 {[#]} 52. e6 $2 (52. Kg2 $1 $18) 52... d1=Q+ $11 53. Rxd1 Kxd1 $2 {[%mdl 8192] [#]} (53... Rg8+ $11 54. Kh2 Kxd1) 54. Kf2 $1 $18 {Threatens to win with e7.} Kd2 {intending ...Rf8+.} 55. e7 {White mates.} Kd3 56. b6 Rxa6 57. e8=Q Rxb6 58. Qd8+ {White used his chance. Accuracy: White = 63%, Black = 61%.} 1-0